| 000 | 00577nam a22001577a 4500 | ||
|---|---|---|---|
| 999 |
_c882 _d882 |
||
| 008 | 191227b ||||| |||| 00| 0 eng d | ||
| 082 | 0 | 0 |
_a628.162 _bJ272 |
| 100 |
_9444 _aJames, G.V. |
||
| 245 | 1 | 0 |
_aWater treatment : A Comprehensive guide to the treatment of water for all purposes and effluents purification, sterilization, coagulation, filtration, storage of industrial and domestic water / _cby G. V. James |
| 250 | _a2nd ed. | ||
| 260 |
_aLondon : _bTechnical Press ltd, _c1949. |
||
| 300 | _axi,247 p. | ||
| 365 | _bRs.17.10 | ||
| 650 | 0 | _aWater Purification | |
| 942 | _cBK | ||